[Event "1st Balkan Grand Prix-final r_7"]
[Site "Pleven BUL"]
[Date "2010.01.15"]
[Round "7.3"]
[White "Drasko, Milan"]
[Black "Chatalbashev, Boris"]
[Result "1/2-1/2"]
[WhiteElo "2537"]
[BlackElo "2561"]
[PlyCount "30"]
[EventDate "2010.01.11"]
[EventRounds "9"]
[EventCountry "BUL"]
[EventCategory "12"]

1. d4 Nf6 2. c4 c5 3. d5 g6 4. Nf3 Bg7 5. g3 b5 6. cxb5 a6 7. bxa6 d6 8. Nc3
Bxa6 9. Bg2 Nbd7 10. Rb1 O-O 11. O-O Ne8 12. Re1 Bc4 13. a3 Nc7 14. e4 Nb5 15.
Nxb5 Bxb5 1/2-1/2

[Event "1st Balkan Grand Prix-final r_7"]
[Site "Pleven BUL"]
[Date "2010.01.15"]
[Round "7.4"]
[White "Iotov, Valentin"]
[Black "Szabo, Gergely-Andras-Gyul"]
[Result "1-0"]
[WhiteElo "2575"]
[BlackElo "2541"]
[PlyCount "55"]
[EventDate "2010.01.11"]
[EventRounds "9"]
[EventCountry "BUL"]
[EventCategory "12"]

1. d4 e6 2. c4 b6 3. e4 Bb7 4. Bd3 Bb4+ 5. Bd2 Bxd2+ 6. Qxd2 f5 7. Nc3 fxe4 8.
Bxe4 Bxe4 9. Nxe4 Nf6 10. Ng3 O-O 11. Nf3 Nc6 12. O-O Ne7 13. Rfe1 Qe8 14. d5
Rd8 15. dxe6 dxe6 16. Qe2 Ng6 17. Qxe6+ Qxe6 18. Rxe6 Rd7 19. Ne2 Rfd8 20. g3
Rd1+ 21. Rxd1 Rxd1+ 22. Kg2 Rb1 23. b3 Rb2 24. Nc3 Rc2 25. Nd5 Ng4 26. Ng5
Rxf2+ 27. Kg1 Rf8 28. Rxg6 1-0

[Event "1st Balkan Grand Prix-final r_7"]
[Site "Pleven BUL"]
[Date "2010.01.15"]
[Round "7.5"]
[White "Stojanovic, Dalibor"]
[Black "Nikolov, Momchil"]
[Result "1/2-1/2"]
[WhiteElo "2473"]
[BlackElo "2539"]
[PlyCount "42"]
[EventDate "2010.01.11"]
[EventRounds "9"]
[EventCountry "BUL"]
[EventCategory "12"]

1. e4 c5 2. Nf3 e6 3. d4 cxd4 4. Nxd4 a6 5. Bd3 Nf6 6. O-O Qc7 7. Qe2 d6 8. c4
g6 9. Nc3 Bg7 10. Rd1 O-O 11. Nf3 Nc6 12. h3 Nd7 13. Bf4 Bxc3 14. bxc3 f6 15.
Rab1 Nc5 16. Qe3 e5 17. Bh6 Rd8 18. Be2 Be6 19. Nd2 Na5 20. f4 exf4 21. Bxf4 b6
1/2-1/2

[Event "1st Balkan Grand Prix-final r_8"]
[Site "Pleven BUL"]
[Date "2010.01.16"]
[Round "8.1"]
[White "Lupulescu, Constantin"]
[Black "Nikolov, Momchil"]
[Result "1/2-1/2"]
[WhiteElo "2592"]
[BlackElo "2539"]
[PlyCount "27"]
[EventDate "2010.01.11"]
[EventRounds "9"]
[EventCountry "BUL"]
[EventCategory "12"]

1. e4 c5 2. Nf3 e6 3. d4 cxd4 4. Nxd4 a6 5. Bd3 Nf6 6. O-O Qc7 7. Qe2 d6 8. c4
g6 9. Nc3 Bg7 10. Be3 O-O 11. f3 Nbd7 12. Rac1 b6 13. Qd2 Rd8 14. Rfd1 1/2-1/2

[Event "1st Balkan Grand Prix-final r_8"]
[Site "Pleven BUL"]
[Date "2010.01.16"]
[Round "8.2"]
[White "Szabo, Gergely-Andras-Gyul"]
[Black "Stojanovic, Dalibor"]
[Result "1/2-1/2"]
[WhiteElo "2541"]
[BlackElo "2473"]
[PlyCount "24"]
[EventDate "2010.01.11"]
[EventRounds "9"]
[EventCountry "BUL"]
[EventCategory "12"]

1. e4 c5 2. Nf3 d6 3. d4 cxd4 4. Nxd4 Nf6 5. Nc3 Nc6 6. Bc4 Bd7 7. O-O g6 8.
Bg5 Bg7 9. Nd5 Nxd5 10. Nxc6 bxc6 11. exd5 h6 12. Bh4 g5 1/2-1/2

[Event "1st Balkan Grand Prix-final r_8"]
[Site "Pleven BUL"]
[Date "2010.01.16"]
[Round "8.3"]
[White "Chatalbashev, Boris"]
[Black "Iotov, Valentin"]
[Result "1/2-1/2"]
[WhiteElo "2561"]
[BlackElo "2575"]
[PlyCount "29"]
[EventDate "2010.01.11"]
[EventRounds "9"]
[EventCountry "BUL"]
[EventCategory "12"]

1. c4 Nf6 2. Nc3 e6 3. e4 d5 4. e5 d4 5. exf6 dxc3 6. bxc3 Qxf6 7. Nf3 e5 8.
Bd3 Bd6 9. O-O Na6 10. Bc2 Bg4 11. d4 Bxf3 12. Qxf3 Qxf3 13. gxf3 exd4 14. Re1+
Kd8 15. cxd4 1/2-1/2

[Event "1st Balkan Grand Prix-final r_8"]
[Site "Pleven BUL"]
[Date "2010.01.16"]
[Round "8.4"]
[White "Sedlak, Nikola"]
[Black "Drasko, Milan"]
[Result "1-0"]
[WhiteElo "2563"]
[BlackElo "2537"]
[PlyCount "91"]
[EventDate "2010.01.11"]
[EventRounds "9"]
[EventCountry "BUL"]
[EventCategory "12"]

1. e4 e6 2. d4 d5 3. e5 c5 4. c3 Nc6 5. Nf3 Bd7 6. Be2 Rc8 7. O-O Nge7 8. Na3
Ng6 9. g3 cxd4 10. cxd4 Be7 11. h4 O-O 12. Nc2 f6 13. h5 Nh8 14. h6 g6 15. exf6
Bxf6 16. Ne3 Nf7 17. Ng4 Be7 18. Bf4 Qb6 19. b4 a6 20. Rb1 Nd6 21. a4 Nxb4 22.
Nge5 Be8 23. Bg5 Nf5 24. a5 Qd6 25. Bd2 Nc6 26. Rxb7 Nxe5 27. dxe5 Qc6 28. Rb6
Qd7 29. Bxa6 Bc5 30. Bxc8 Qxc8 31. Bf4 Bxb6 32. axb6 Bb5 33. Re1 Qc5 34. b7 Qb6
35. Qb3 Qxb7 36. Rb1 Rb8 37. g4 Ne7 38. Nd4 Ba6 39. Qxb7 Rxb7 40. Ra1 Rb4 41.
Nxe6 Bb7 42. f3 d4 43. Kf2 Nd5 44. Kg3 d3 45. Bd2 Rb2 46. Ra7 1-0

[Event "1st Balkan Grand Prix-final r_8"]
[Site "Pleven BUL"]
[Date "2010.01.16"]
[Round "8.5"]
[White "Krivokapic, Marko"]
[Black "Vuckovic, Bojan"]
[Result "1/2-1/2"]
[WhiteElo "2422"]
[BlackElo "2626"]
[PlyCount "54"]
[EventDate "2010.01.11"]
[EventRounds "9"]
[EventCountry "BUL"]
[EventCategory "12"]

1. e4 c6 2. d4 d5 3. f3 e6 4. Nc3 Bb4 5. Bf4 Nf6 6. Qd3 b6 7. Nge2 Ba6 8. Qe3
O-O 9. O-O-O Bc4 10. Bg5 Be7 11. h4 b5 12. e5 Nfd7 13. Bxe7 Qxe7 14. Qg5 f6 15.
exf6 Qxf6 16. b3 Bxe2 17. Bxe2 Rf7 18. Bd3 Nf8 19. a4 b4 20. Ne2 Nbd7 21. f4
Rc8 22. Qxf6 Nxf6 23. Rde1 Ng4 24. Rhf1 a5 25. g3 Nh2 26. Rf2 Ng4 27. Rff1 Nh2
1/2-1/2

[Event "1st Balkan Grand Prix-final r_9"]
[Site "Pleven BUL"]
[Date "2010.01.17"]
[Round "9.1"]
[White "Vuckovic, Bojan"]
[Black "Lupulescu, Constantin"]
[Result "1/2-1/2"]
[WhiteElo "2626"]
[BlackElo "2592"]
[PlyCount "27"]
[EventDate "2010.01.11"]
[EventRounds "9"]
[EventCountry "BUL"]
[EventCategory "12"]

1. e4 c6 2. d4 d5 3. Nc3 dxe4 4. Nxe4 Bf5 5. Ng3 Bg6 6. h4 h6 7. Nf3 Nd7 8. Bd3
Bxd3 9. Qxd3 e6 10. Bf4 Qa5+ 11. Bd2 Qc7 12. O-O-O Ngf6 13. Ne4 Nxe4 14. Qxe4
1/2-1/2

[Event "1st Balkan Grand Prix-final r_9"]
[Site "Pleven BUL"]
[Date "2010.01.17"]
[Round "9.2"]
[White "Drasko, Milan"]
[Black "Krivokapic, Marko"]
[Result "1-0"]
[WhiteElo "2537"]
[BlackElo "2422"]
[PlyCount "121"]
[EventDate "2010.01.11"]
[EventRounds "9"]
[EventCountry "BUL"]
[EventCategory "12"]

1. Nf3 d5 2. g3 Nf6 3. Bg2 c6 4. O-O Bg4 5. d3 Nbd7 6. Qe1 e5 7. e4 dxe4 8.
dxe4 Bc5 9. Nbd2 O-O 10. h3 Bh5 11. a4 Re8 12. Nc4 Nb6 13. Na5 Qc7 14. Nh4 Nc8
15. Nb3 Bf8 16. f3 Nd6 17. Qc3 Nd7 18. g4 Bg6 19. Rd1 b6 20. Be3 Nb7 21. a5
Nbc5 22. Nc1 Ne6 23. Nd3 Rad8 24. axb6 axb6 25. b4 Be7 26. Nxg6 hxg6 27. Ra2
Nd4 28. Qe1 Nf8 29. c3 Nb5 30. Bf1 Ne6 31. Rda1 Rd7 32. Nb2 Bg5 33. Nc4 Bxe3+
34. Qxe3 Rb8 35. g5 Rdd8 36. h4 Nf4 37. Ra6 f6 38. Nxb6 Nd4 39. Na8 Nc2 40.
Nxc7 Nxe3 41. Rxc6 Rd2 42. Nd5 Nfxd5 43. exd5 Nf5 44. Rc4 Nd6 45. Rg4 f5 46.
Rg2 Rxd5 47. Rga2 Kh7 48. Ra5 Rd2 49. Rxe5 f4 50. Re2 Rd5 51. Kf2 Nf5 52. Bh3
Ne3 53. Ra7 Re8 54. Rd7 Nd1+ 55. Kf1 Rxe2 56. Rxd5 Nxc3 57. Rd3 Rc2 58. Be6 Ne2
59. Ke1 Nc1 60. Rd6 Rb2 61. Bf7 1-0

[Event "1st Balkan Grand Prix-final r_9"]
[Site "Pleven BUL"]
[Date "2010.01.17"]
[Round "9.3"]
[White "Iotov, Valentin"]
[Black "Sedlak, Nikola"]
[Result "0-1"]
[WhiteElo "2575"]
[BlackElo "2563"]
[PlyCount "68"]
[EventDate "2010.01.11"]
[EventRounds "9"]
[EventCountry "BUL"]
[EventCategory "12"]

1. d4 Nf6 2. c4 g6 3. Nc3 d5 4. cxd5 Nxd5 5. g3 Bg7 6. Bg2 Nb6 7. Nf3 Nc6 8. e3
O-O 9. O-O a5 10. Nd2 e5 11. d5 Nb4 12. Nb3 c6 13. dxc6 bxc6 14. a3 Nd3 15. Qc2
a4 16. Nd2 Bf5 17. Nde4 c5 18. Bd2 c4 19. Nb5 Qd7 20. Nbd6 Be6 21. Nb7 Bd5 22.
Nbc5 Qb5 23. Nxd3 cxd3 24. Qb1 Bxe4 25. Bxe4 Rad8 26. Bb4 f5 27. Bxf8 Kxf8 28.
Bg2 e4 29. Qd1 Nc4 30. Rc1 d2 31. Rc2 Qb3 32. g4 Bf6 33. gxf5 gxf5 34. Qb1 Nxb2
0-1

[Event "1st Balkan Grand Prix-final r_9"]
[Site "Pleven BUL"]
[Date "2010.01.17"]
[Round "9.4"]
[White "Stojanovic, Dalibor"]
[Black "Chatalbashev, Boris"]
[Result "1/2-1/2"]
[WhiteElo "2473"]
[BlackElo "2561"]
[PlyCount "46"]
[EventDate "2010.01.11"]
[EventRounds "9"]
[EventCountry "BUL"]
[EventCategory "12"]

1. e4 g6 2. d4 Bg7 3. Nc3 c6 4. Nf3 d6 5. Be2 Nf6 6. O-O O-O 7. h3 Nbd7 8. Bf4
Qa5 9. Qd2 e5 10. Be3 Re8 11. dxe5 dxe5 12. Nd5 Qxd2 13. Nxf6+ Nxf6 14. Nxd2
Be6 15. f3 Nh5 16. Bc4 Nf4 17. Rfd1 Red8 18. Bxe6 Nxe6 19. c3 Bf8 20. Nb3 b6
21. Kf1 Be7 22. Ke2 Bg5 23. Bxg5 Nxg5 1/2-1/2

[Event "1st Balkan Grand Prix-final r_9"]
[Site "Pleven BUL"]
[Date "2010.01.17"]
[Round "9.5"]
[White "Nikolov, Momchil"]
[Black "Szabo, Gergely-Andras-Gyul"]
[Result "1-0"]
[WhiteElo "2539"]
[BlackElo "2541"]
[PlyCount "121"]
[EventDate "2010.01.11"]
[EventRounds "9"]
[EventCountry "BUL"]
[EventCategory "12"]

1. d4 g6 2. c4 Nf6 3. Nc3 d5 4. cxd5 Nxd5 5. Bd2 Nb6 6. Nf3 Bg7 7. Bf4 Nc6 8.
e3 a6 9. Be2 O-O 10. O-O Be6 11. Ne4 Bd5 12. Nc5 Qc8 13. Qc2 f5 14. a3 Re8 15.
Rfd1 e5 16. dxe5 Nxe5 17. Nxe5 Bxe5 18. Nd3 Be4 19. Bxe5 Rxe5 20. Qb3+ Bd5 21.
Qc3 Re7 22. Nf4 Bf7 23. Qc5 Qe8 24. Bf3 Nd7 25. Qxc7 Ne5 26. Qb6 Nxf3+ 27. gxf3
Re5 28. Rd6 Rb5 29. Qd4 Qe5 30. Qxe5 Rxe5 31. Rc1 Re7 32. Nd3 a5 33. Rc5 a4 34.
f4 Ra6 35. Rd4 Be8 36. Kf1 Rb6 37. Ke1 Rb3 38. Rc3 Rxc3 39. bxc3 b5 40. Kd2 Kg7
41. Rd5 Rc7 42. Ne5 Kf6 43. Rd6+ Ke7 44. Rb6 Kd8 45. h4 Ke7 46. f3 Kf8 47. e4
Kg7 48. Kd3 Re7 49. Kd4 Rc7 50. Re6 Bf7 51. Rd6 Be8 52. Rd8 Kf8 53. Rb8 Ke7 54.
Rb6 Kf8 55. c4 bxc4 56. Nxc4 Ke7 57. Ne3 Bc6 58. Ra6 Kf7 59. Nd5 Rc8 60. Ra7+
Ke6 61. Re7+ 1-0